Riconosci il calciatore dalla foto - Quiz n°6 - Statistics

Statistiche generali
  • Questo quiz è stato fatto 267 volte
  • Il punteggio medio è 7 su 10
Statistiche sulle risposte
con Immagini Risposta % Corretto
Franck Ribery
97%
Alvaro Morata
95%
Rodrigo De Paul
89%
José Callejon
83%
Kerian Trippier
77%
Marcos Acuña
74%
Raul Albiol
65%
Raphaël Guerreiro
46%
Nicolas Tagliafico
42%
Wout Weghorst
35%
Nessun quiz corrispondente trovato
Distribuzione punteggi
Percentuale di utenti per punteggio
Percentile per numero di risposta
I tuoi punteggi nel tempo
Non hai fatto questo quiz